[Event "Helsinki Ristoja 70 Years"]
[Site "Helsinki"]
[Date "2019.11.15"]
[Round "1"]
[White "Lallukka, Taneli"]
[Black "Paajala, Niki"]
[Result "1/2-1/2"]
[WhiteElo "1893"]
[BlackElo "1988"]
[PlyCount "117"]
[EventDate "2019.11.15"]
[EventType "swiss"]
[EventRounds "5"]
[EventCountry "FIN"]
[SourceTitle "EXT 2021"]
[Source "ChessBase"]
[SourceDate "2020.10.23"]
[SourceVersion "1"]
[SourceVersionDate "2020.10.23"]
[SourceQuality "1"]

1. e4 e5 2. Nc3 Bc5 3. g3 Nc6 4. Bg2 d6 5. d3 h6 6. Nf3 a6 7. Be3 Ba7 8. Bxa7 Nxa7 9. d4 exd4 10. Nxd4 Nf6 11. Qd2 Bd7 12. 0-0-0 Qe7 13. Nf5 Bxf5 14. exf5 0-0-0 15. Nd5 Nxd5 16. Qxd5 c6 17. Qd4 Nb5 18. Qxg7 Rdg8 19. Rhe1 Qg5+ 20. Qxg5 hxg5 21. h3 Kd7 22. Re3 Re8 23. Rde1 Nc7 24. Kd2 d5 25. g4 Kd6 26. c3 Rxe3 27. fxe3 Ne8 28. e4 dxe4 29. Rxe4 Nf6 30. Rd4+ Ke5 31. Ke3 Nd5+ 32. Kf3 Nf4 33. Re4+ Kd6 34. Kg3 b5 35. Bf1 Nd5 36. Re2 Nf4 37. Rh2 Rh4 38. Rd2+ Kc7 39. Rd4 Nd5 40. Re4 Kd7 41. c4 Nf6 42. Rd4+ Kc7 43. cxb5 axb5 44. Bg2 Nh5+ 45. Kf3 Nf4 46. Rd1 Rh8 47. Re1 Kd6 48. Kg3 c5 49. Rd1+ Kc7 50. Rh1 Rd8 51. h4 Rd3+ 52. Bf3 Ne2+ 53. Kf2 Nd4 54. Be4 Rd2+ 55. Kg3 Ne2+ 56. Kf3 Nd4+ 57. Kg3 Ne2+ 58. Kf3 Nd4+ 59. Kg3 1/2-1/2

[Event "Helsinki EtVaS op"]
[Site "Helsinki"]
[Date "2019.05.18"]
[Round "2"]
[White "Paasikangas Tella, Johanna"]
[Black "Paajala, Niki"]
[Result "1/2-1/2"]
[WhiteElo "2211"]
[BlackElo "1929"]
[PlyCount "102"]
[EventDate "2019.05.17"]
[EventType "swiss"]
[EventRounds "5"]
[EventCountry "FIN"]
[SourceTitle "CBM 195 Extra"]
[Source "ChessBase"]
[SourceDate "2020.05.31"]
[SourceVersion "1"]
[SourceVersionDate "2020.05.31"]
[SourceQuality "1"]

1. d4 d5 2. Nf3 Nf6 3. Bg5 e6 4. e3 c5 5. c3 Nc6 6. Ne5 h6 7. Bh4 cxd4 8. exd4 Qb6 9. Qb3 Qxb3 10. axb3 Nxe5 11. dxe5 Nd7 12. Bg3 g5 13. Na3 Bg7 14. Nb5 0-0 15. Nc7 Rb8 16. Rxa7 Bxe5 17. Bb5 Bxg3 18. hxg3 Kg7 19. b4 Ne5 20. Ke2 Rd8 21. f4 Nc6 22. Bxc6 bxc6 23. Rha1 Kf6 24. R1a5 Rd7 25. Na6 Bxa6+ 26. R7xa6 Rc7 27. Rc5 Rbc8 28. Rb6 Ke7 29. Ke3 Kd7 30. b3 Rg8 31. Kf3 h5 32. c4 gxf4 33. gxf4 h4 34. b5 Rg3+ 35. Kf2 cxb5 36. Rxc7+ Kxc7 37. Rxb5 d4 38. b4 d3 39. Ra5 d2 40. Ra7+ Kd8 41. Ra1 Rc3 42. Rd1 Rxc4 43. Rxd2+ Ke7 44. Kf3 Rxb4 45. Kg4 e5 46. Kf5 Rxf4+ 47. Kxe5 Rg4 48. Kf5 Rg6 49. Re2+ Kf8 50. Rb2 Kg7 51. Rc2 Kf8 1/2-1/2

[Event "Helsinki EtVaS op"]
[Site "Helsinki"]
[Date "2019.05.17"]
[Round "1"]
[White "Paajala, Niki"]
[Black "Vihinen, Teemu"]
[Result "1-0"]
[WhiteElo "1929"]
[BlackElo "2151"]
[PlyCount "51"]
[EventDate "2019.05.17"]
[EventType "swiss"]
[EventRounds "5"]
[EventCountry "FIN"]
[SourceTitle "CBM 195 Extra"]
[Source "ChessBase"]
[SourceDate "2020.05.31"]
[SourceVersion "1"]
[SourceVersionDate "2020.05.31"]
[SourceQuality "1"]

1. e4 e6 2. d3 d5 3. Nd2 g6 4. g3 Bg7 5. Bg2 c5 6. Ngf3 Nc6 7. 0-0 Nge7 8. Re1 Qc7 9. h4 0-0 10. Nf1 b6 11. Bf4 e5 12. Bd2 d4 13. Qc1 Ba6 14. b3 b5 15. a4 bxa4 16. Rxa4 Bb5 17. Ra1 a5 18. Bh6 a4 19. Bxg7 Kxg7 20. c4 dxc3 21. Qxc3 Qd6 22. bxa4 Bxd3 23. Rac1 Bxf1 24. Kxf1 Ra5 25. Nd2 Nd4 26. Qxa5 1-0

[Event "Regensburg Donau Cup 2nd"]
[Site "Regensburg"]
[Date "2018.05.10"]
[Round "2"]
[White "Schmahl, Stephan"]
[Black "Paajala, Niki"]
[Result "1-0"]
[WhiteElo "2163"]
[BlackElo "1918"]
[PlyCount "53"]
[EventDate "2018.05.09"]
[EventType "swiss"]
[EventRounds "7"]
[EventCountry "GER"]
[SourceTitle "CBM 184 Extra"]
[Source "ChessBase"]
[SourceDate "2018.06.28"]
[SourceVersion "1"]
[SourceVersionDate "2018.06.28"]
[SourceQuality "1"]

1. d4 f5 2. c4 d6 3. Nf3 Nf6 4. e3 g6 5. b4 c6 6. Bb2 Bg7 7. Be2 Bd7 8. Qb3 Na6 9. 0-0 Nc7 10. Nbd2 0-0 11. a4 e6 12. b5 b6 13. Ba3 c5 14. Bb2 a5 15. dxc5 dxc5 16. Ne5 Qe7 17. Rad1 Rad8 18. Bf3 Be8 19. Bc3 g5 20. g3 f4 21. exf4 gxf4 22. Qc2 Rd6 23. Ne4 Rxd1 24. Rxd1 fxg3 25. hxg3 Nd7 26. Nc6 Qf7 27. Ng5 1-0

[Event "FIN-chT2 Gp2 1617"]
[Site "Finland"]
[Date "2017.02.04"]
[Round "6.4"]
[White "Mannisto, Eero"]
[Black "Paajala, Niki"]
[Result "1/2-1/2"]
[WhiteElo "1974"]
[BlackElo "1959"]
[PlyCount "57"]
[EventDate "2016.09.17"]
[EventType "team-tourn"]
[EventRounds "7"]
[EventCountry "FIN"]
[SourceTitle "EXT 2019"]
[Source "ChessBase"]
[SourceDate "2018.10.10"]
[SourceVersion "1"]
[SourceVersionDate "2018.10.10"]
[SourceQuality "1"]
[WhiteTeam "Vantaa EtVaS II"]
[BlackTeam "Helsinki Passi"]
[WhiteTeamCountry "FIN"]
[BlackTeamCountry "FIN"]

1. d4 f5 2. c4 Nf6 3. Nc3 d6 4. g3 g6 5. Bg2 Bg7 6. d5 Na6 7. Nh3 0-0 8. 0-0 Qe8 9. Nf4 c6 10. a3 Nc5 11. Be3 Nfe4 12. Nxe4 Nxe4 13. Bd4 Bxd4 14. Qxd4 g5 15. Nh3 Qh5 16. f3 Nf6 17. Nf2 c5 18. Qc3 Qf7 19. Qd2 h6 20. e4 Rd8 21. Nd3 e5 22. b4 b6 23. exf5 Bxf5 24. b5 Bxd3 25. Qxd3 Qh7 26. Qe2 Qf5 27. Qd2 Kg7 28. a4 a5 29. Rae1 1/2-1/2

[Event "FIN-chT2 Gp2 1617"]
[Site "Finland"]
[Date "2017.02.04"]
[Round "5.5"]
[White "Tocklin, Tomi"]
[Black "Paajala, Niki"]
[Result "1/2-1/2"]
[WhiteElo "1828"]
[BlackElo "1959"]
[PlyCount "129"]
[EventDate "2016.09.17"]
[EventType "team-tourn"]
[EventRounds "7"]
[EventCountry "FIN"]
[SourceTitle "EXT 2019"]
[Source "ChessBase"]
[SourceDate "2018.10.10"]
[SourceVersion "1"]
[SourceVersionDate "2018.10.10"]
[SourceQuality "1"]
[WhiteTeam "Salo SalSK II"]
[BlackTeam "Helsinki Passi"]
[WhiteTeamCountry "FIN"]
[BlackTeamCountry "FIN"]

1. e4 e5 2. Nf3 Nc6 3. Bb5 Nge7 4. d4 exd4 5. Nxd4 d6 6. Nc3 Bd7 7. Be3 a6 8. Nxc6 Nxc6 9. Ba4 Be7 10. Qd2 b5 11. Bb3 Bf6 12. a3 0-0 13. 0-0 Be6 14. Bd5 Qd7 15. Rad1 Rae8 16. b3 Kh8 17. Ne2 Bxd5 18. exd5 Ne5 19. h3 Ng6 20. Ng3 Be5 21. Ne2 Qf5 22. Nd4 Bxd4 23. Bxd4 f6 24. Be3 Nh4 25. Qd3 Qd7 26. Rfe1 Re7 27. Bd2 Rfe8 28. Rxe7 Rxe7 29. Re1 Qe8 30. Rxe7 Qxe7 31. Qe3 Qxe3 32. Bxe3 Nf5 33. Ba7 Ne7 34. c4 bxc4 35. bxc4 c6 36. dxc6 Nxc6 37. Bb6 Ne5 38. c5 d5 39. Kf1 Kg8 40. Ke2 Kf7 41. f4 Nc6 42. Kd3 h5 43. g4 hxg4 44. hxg4 f5 45. gxf5 Kf6 46. Bc7 Kxf5 47. Bd6 Ke6 48. Bf8 g6 49. Bd6 Na7 50. Be5 Nc6 51. Bb2 Ne7 52. Bc3 Nf5 53. Be5 Kd7 54. Bc3 Kc6 55. Bd4 Ng3 56. Bb2 Ne4 57. Kd4 Nxc5 58. Bc3 Ne4 59. Bb4 Nf6 60. Ke5 Ng4+ 61. Kd4 Nf2 62. Be1 Ne4 63. Bb4 Nf6 64. Ke5 Ng4+ 65. Kd4 1/2-1/2

[Event "FIN-chT2 Gp2 1617"]
[Site "Finland"]
[Date "2017.01.14"]
[Round "4.4"]
[White "Rantamo, Keijo"]
[Black "Paajala, Niki"]
[Result "1/2-1/2"]
[WhiteElo "1800"]
[BlackElo "1959"]
[PlyCount "119"]
[EventDate "2016.09.17"]
[EventType "team-tourn"]
[EventRounds "7"]
[EventCountry "FIN"]
[SourceTitle "EXT 2019"]
[Source "ChessBase"]
[SourceDate "2018.10.10"]
[SourceVersion "1"]
[SourceVersionDate "2018.10.10"]
[SourceQuality "1"]
[WhiteTeam "Turku TuTS III"]
[BlackTeam "Helsinki Passi"]
[WhiteTeamCountry "FIN"]
[BlackTeamCountry "FIN"]

1. d4 f5 2. Nf3 Nf6 3. c4 d6 4. Nc3 g6 5. Qb3 c6 6. e3 Na6 7. c5 Nc7 8. Be2 Bg7 9. 0-0 d5 10. Ne5 Nd7 11. Nxd7 Qxd7 12. f4 0-0 13. Bd2 Bf6 14. Kh1 Rf7 15. a4 Rg7 16. Na2 Ne6 17. Rad1 Qc7 18. Nc1 g5 19. g3 Bd7 20. Bf3 Kh8 21. Nd3 Rf8 22. Ne5 Bxe5 23. fxe5 g4 24. Be2 Qc8 25. Rf2 Ng5 26. Rf4 Nh3 27. Rff1 e6 28. Qc2 Qe8 29. Kg2 Ng5 30. Qc1 Qh5 31. Kh1 Ne4 32. Be1 Qh3 33. Rd3 Rg6 34. Rg1 Ng5 35. Bf1 Qh5 36. Rg2 Rh6 37. Be2 Qg6 38. Rb3 Bc8 39. Bd2 Ne4 40. Bb4 Qh5 41. Be1 Qf7 42. Bd3 Rh5 43. Bxe4 fxe4 44. Rf2 Rf5 45. Rf4 Qh5 46. Qc2 Qh3 47. Qg2 Rxf4 48. exf4 Qxg2+ 49. Kxg2 Kg7 50. Rc3 a6 51. b4 Bd7 52. Rb3 Ra8 53. Bf2 h5 54. h3 Rh8 55. Rb1 Rh7 56. Rh1 Kg6 57. hxg4 hxg4 58. Rh4 Rxh4 59. gxh4 Be8 60. Kg3 1/2-1/2

[Event "FIN-chT2 Gp2 1617"]
[Site "Finland"]
[Date "2016.10.08"]
[Round "2.3"]
[White "Lahdelma, Henri"]
[Black "Paajala, Niki"]
[Result "1-0"]
[WhiteElo "1910"]
[BlackElo "1959"]
[PlyCount "63"]
[EventDate "2016.09.17"]
[EventType "team-tourn"]
[EventRounds "7"]
[EventCountry "FIN"]
[SourceTitle "EXT 2019"]
[Source "ChessBase"]
[SourceDate "2018.10.10"]
[SourceVersion "1"]
[SourceVersionDate "2018.10.10"]
[SourceQuality "1"]
[WhiteTeam "Espoo MatSK III"]
[BlackTeam "Helsinki Passi"]
[WhiteTeamCountry "FIN"]
[BlackTeamCountry "FIN"]

1. d4 f5 2. c4 d6 3. g3 Nf6 4. Bg2 g6 5. Nc3 Bg7 6. Nf3 0-0 7. 0-0 Qe8 8. Bg5 Qf7 9. Bxf6 exf6 10. Rc1 Kh8 11. Nd2 Na6 12. a3 Bh6 13. e3 c6 14. b4 Nc7 15. d5 Bd7 16. Nb3 cxd5 17. Nxd5 Bc6 18. Na5 Nxd5 19. Bxd5 Qc7 20. Nb3 Ba4 21. Qd3 Bxb3 22. Qxb3 Qb6 23. Rfd1 Rac8 24. Rd4 Rfe8 25. Kg2 Re7 26. Rcd1 Bf8 27. h4 h5 28. Bf3 Re5 29. Qa2 Kg7 30. c5 dxc5 31. Rd7+ Re7 32. R1d6 1-0

[Event "Heart of Finland op 26th"]
[Site "Jyvaskyla"]
[Date "2016.07.21"]
[Round "6"]
[White "Lehtila, Taneli"]
[Black "Paajala, Niki"]
[Result "1-0"]
[WhiteElo "2131"]
[BlackElo "1955"]
[PlyCount "101"]
[EventDate "2016.07.18"]
[EventType "swiss"]
[EventRounds "9"]
[EventCountry "FIN"]
[SourceTitle "EXT 2022"]
[Source "ChessBase"]
[SourceDate "2021.10.06"]
[SourceVersion "1"]
[SourceVersionDate "2021.10.06"]
[SourceQuality "1"]

1. d4 f5 2. g3 Nf6 3. Bg2 d6 4. Nf3 g6 5. 0-0 Bg7 6. b3 0-0 7. Bb2 c6 8. c4 Ne4 9. Nbd2 Nxd2 10. Qxd2 Na6 11. e3 Qe8 12. Rfd1 Nc7 13. b4 Be6 14. Qc2 h6 15. a4 g5 16. Nd2 Qf7 17. f4 d5 18. c5 Ne8 19. b5 Nf6 20. bxc6 bxc6 21. Nf3 Ne4 22. Bc3 Rfb8 23. Rdb1 Qe8 24. Ba5 Qc8 25. Bf1 Bf6 26. Bd3 Rxb1+ 27. Rxb1 Rb8 28. Rb3 Kf7 29. Qb1 Rxb3 30. Qxb3 Qa8 31. Bc7 Bc8 32. Be5 Qb7 33. Qxb7 Bxb7 34. Bb8 a6 35. Be5 Ke6 36. Bxf6 exf6 37. Bxe4 dxe4 38. Nd2 Kd5 39. Kf2 Bc8 40. Ke1 Be6 41. Kd1 Bf7 42. Kc2 Bh5 43. Kc3 Be2 44. Kb4 Bd3 45. Ka5 Bc2 46. Kxa6 Bxa4 47. Kb7 Ke6 48. Nc4 Bb5 49. Nb6 h5 50. h4 g4 51. Kc7 1-0

[Event "Heart of Finland op 26th"]
[Site "Jyvaskyla"]
[Date "2016.07.19"]
[Round "3"]
[White "Paajala, Niki"]
[Black "Puittinen, Mika"]
[Result "1/2-1/2"]
[WhiteElo "1955"]
[BlackElo "2104"]
[PlyCount "40"]
[EventDate "2016.07.18"]
[EventType "swiss"]
[EventRounds "9"]
[EventCountry "FIN"]
[SourceTitle "EXT 2022"]
[Source "ChessBase"]
[SourceDate "2021.10.06"]
[SourceVersion "1"]
[SourceVersionDate "2021.10.06"]
[SourceQuality "1"]

1. d4 d5 2. c4 dxc4 3. a4 Nf6 4. Nc3 Nc6 5. Nf3 Bf5 6. Bg5 Ne4 7. Bf4 e6 8. Nxe4 Bxe4 9. Rc1 Bb4+ 10. Bd2 Bxd2+ 11. Nxd2 Bg6 12. e3 e5 13. dxe5 Nxe5 14. Nxc4 Qxd1+ 15. Rxd1 Nxc4 16. Bxc4 Bc2 17. Ra1 0-0 18. Kd2 Be4 19. f3 Rfd8+ 20. Kc3 Bc6 1/2-1/2

[Event "Helsinki We HSL kesaturnaus A"]
[Site "Helsinki"]
[Date "2016.07.03"]
[Round "4"]
[White "Gronroos, Matti"]
[Black "Paajala, Niki"]
[Result "0-1"]
[WhiteElo "1981"]
[BlackElo "1955"]
[PlyCount "106"]
[EventDate "2016.07.01"]
[EventType "swiss"]
[EventRounds "5"]
[EventCountry "FIN"]
[SourceTitle "EXT 2022"]
[Source "ChessBase"]
[SourceDate "2021.10.06"]
[SourceVersion "1"]
[SourceVersionDate "2021.10.06"]
[SourceQuality "1"]

1. e4 e5 2. Nf3 Nc6 3. Nc3 Nf6 4. Bb5 d6 5. d4 exd4 6. Qxd4 Bd7 7. Bxc6 Bxc6 8. Bg5 Be7 9. 0-0-0 h6 10. Bh4 0-0 11. Rhe1 Re8 12. Kb1 b5 13. e5 dxe5 14. Qxe5 Bd6 15. Bxf6 Rxe5 16. Bxd8 Rxe1 17. Nxe1 Rxd8 18. h3 Re8 19. a3 b4 20. axb4 Bxb4 21. f3 Kf8 22. Ka2 Bxc3 23. bxc3 Bb5 24. Kb3 Bf1 25. h4 Rb8+ 26. Ka3 Re8 27. Kb4 Re2 28. g3 Re3 29. Ra1 Ke7 30. c4 Kd7 31. Kc5 Re6 32. Kd4 Rd6+ 33. Kc3 Rg6 34. g4 Re6 35. Nd3 Bxd3 36. cxd3 Re3 37. Rxa7 Rxf3 38. Ra2 Rf4 39. Rg2 c5 40. Kd2 Ke6 41. Ke3 Rd4 42. Rg3 g6 43. Rg2 Ke5 44. Rg3 Rf4 45. Rg2 f5 46. gxf5 gxf5 47. Rh2 h5 48. Rh1 Rg4 49. Rh3 f4+ 50. Kf3 Kd4 51. Kf2 Rg3 52. Rxg3 fxg3+ 53. Kxg3 Kxd3 0-1

[Event "Espoo MatSK Weekend A"]
[Site "Espoo"]
[Date "2015.02.28"]
[Round "2"]
[White "Jarvenpaa, Jari"]
[Black "Paajala, Niki"]
[Result "1-0"]
[WhiteElo "2246"]
[BlackElo "1908"]
[PlyCount "111"]
[EventDate "2015.02.27"]
[EventType "swiss"]
[EventRounds "5"]
[EventCountry "FIN"]
[SourceTitle "EXT 2022"]
[Source "ChessBase"]
[SourceDate "2021.10.06"]
[SourceVersion "1"]
[SourceVersionDate "2021.10.06"]
[SourceQuality "1"]

1. e4 e5 2. Nf3 Nc6 3. Bb5 a6 4. Ba4 Nf6 5. d3 b5 6. Bb3 Be7 7. 0-0 0-0 8. Re1 d6 9. c3 Na5 10. Bc2 c5 11. Nbd2 Nc6 12. Nf1 Bd7 13. Ng3 Qc8 14. h3 a5 15. Be3 Qc7 16. a4 b4 17. Bb3 Rab8 18. Nd2 Be6 19. Bc4 d5 20. exd5 Nxd5 21. Bxd5 Bxd5 22. Nf5 f6 23. Qg4 g6 24. f4 Kh8 25. Nxe7 Qxe7 26. Qg3 Rbc8 27. Qf2 Nb8 28. c4 Ba8 29. Nb3 Na6 30. fxe5 fxe5 31. Qg3 Rf5 32. d4 cxd4 33. Nxd4 Rf7 34. Bg5 Qc5 35. Qxe5+ Qxe5 36. Rxe5 Nc5 37. b3 Nd3 38. Re2 h5 39. Rd1 Nc5 40. Rde1 Nd3 41. Re8+ Rf8 42. Rxc8 Rxc8 43. Re7 Nc5 44. Bf6+ Kg8 45. Rg7+ Kf8 46. Ra7 Re8 47. Be7+ Rxe7 48. Rxa8+ Kf7 49. Rxa5 Nd3 50. Nf3 Nc1 51. Rb5 Nxb3 52. Rxb4 Nc5 53. a5 Rc7 54. Rb5 Ne4 55. Rb6 Ra7 56. Ne5+ 1-0

[Event "Espoo MatSK Weekend A"]
[Site "Espoo"]
[Date "2015.02.27"]
[Round "1"]
[White "Paajala, Niki"]
[Black "Kauppala, Pekka"]
[Result "1-0"]
[WhiteElo "1908"]
[BlackElo "2119"]
[PlyCount "91"]
[EventDate "2015.02.27"]
[EventType "swiss"]
[EventRounds "5"]
[EventCountry "FIN"]
[SourceTitle "EXT 2022"]
[Source "ChessBase"]
[SourceDate "2021.10.06"]
[SourceVersion "1"]
[SourceVersionDate "2021.10.06"]
[SourceQuality "1"]

1. e4 c5 2. Nc3 a6 3. g3 b5 4. d3 e6 5. Bg2 Bb7 6. f4 Nf6 7. Nf3 d5 8. e5 d4 9. exf6 dxc3 10. bxc3 Nd7 11. f5 Qxf6 12. fxe6 Qxe6+ 13. Qe2 Qxe2+ 14. Kxe2 Nb6 15. Kf2 0-0-0 16. Bf4 Bd6 17. Rhe1 Bxf4 18. gxf4 f6 19. Re7 Nd5 20. Bh3+ Kb8 21. Rxg7 Nxf4 22. Bf5 Rde8 23. Re1 Rxe1 24. Nxe1 Re8 25. Rxh7 Re2+ 26. Kf1 Rd2 27. c4 b4 28. Rh4 Ng2 29. Rh8+ Ka7 30. Nxg2 Bxg2+ 31. Kg1 Rxc2 32. d4 Rxa2 33. dxc5 Kb7 34. Rg8 Bf3 35. Rg3 Bc6 36. Rg7+ Kb8 37. h4 Ra1+ 38. Kf2 Rh1 39. Rg8+ Kc7 40. Rc8+ Kb7 41. Rxc6 Rh2+ 42. Kg3 Kxc6 43. Kxh2 a5 44. h5 a4 45. h6 a3 46. h7 1-0

[Event "Helsinki We EtVaS 40 Group A"]
[Site "Helsinki"]
[Date "2014.05.18"]
[Round "5"]
[White "Puroila, Sippo"]
[Black "Paajala, Niki"]
[Result "1/2-1/2"]
[WhiteElo "1824"]
[BlackElo "1969"]
[PlyCount "25"]
[EventDate "2014.05.16"]
[EventType "swiss"]
[EventRounds "5"]
[EventCountry "FIN"]
[SourceTitle "EXT 2022"]
[Source "ChessBase"]
[SourceDate "2021.10.06"]
[SourceVersion "1"]
[SourceVersionDate "2021.10.06"]
[SourceQuality "1"]

1. c4 e5 2. Nc3 Nc6 3. e4 Nf6 4. Nge2 Bc5 5. h3 d6 6. d3 h6 7. g3 a6 8. Bg2 Bd7 9. 0-0 0-0 10. Rb1 Nh7 11. Kh2 Rb8 12. a3 Ne7 13. b4 1/2-1/2

[Event "Helsinki We EtVaS 40 Group A"]
[Site "Helsinki"]
[Date "2014.05.16"]
[Round "1"]
[White "Alkkiomaki, Jyrki"]
[Black "Paajala, Niki"]
[Result "0-1"]
[WhiteElo "1969"]
[BlackElo "1969"]
[PlyCount "84"]
[EventDate "2014.05.16"]
[EventType "swiss"]
[EventRounds "5"]
[EventCountry "FIN"]
[SourceTitle "EXT 2022"]
[Source "ChessBase"]
[SourceDate "2021.10.06"]
[SourceVersion "1"]
[SourceVersionDate "2021.10.06"]
[SourceQuality "1"]

1. e4 e5 2. Nf3 Nc6 3. Bb5 Nge7 4. 0-0 g6 5. c3 Bg7 6. d4 a6 7. Ba4 exd4 8. cxd4 0-0 9. Nc3 d6 10. h3 b5 11. Bb3 Bb7 12. Bg5 h6 13. Bh4 Qd7 14. Re1 Rae8 15. a4 b4 16. Nd5 Nxd5 17. Bxd5 Na5 18. Bxb7 Nxb7 19. Rc1 a5 20. Qd3 Rc8 21. b3 c5 22. Red1 cxd4 23. Nxd4 Nc5 24. Qf3 Rfe8 25. Nb5 Nxe4 26. Rxc8 Qxc8 27. Qd3 Re6 28. Bg3 Qc5 29. Kh2 Nxf2 30. Bxf2 Qxf2 31. Rf1 Be5+ 32. Kh1 Qg3 33. Qxg3 Bxg3 34. Nd4 Re3 35. Rb1 d5 36. Nc6 Bc7 37. Kg1 Kf8 38. Rd1 Bb6 39. Kf1 Re6 40. Nb8 Rd6 41. Ke2 Ba7 42. Rc1 Re6+ 0-1

[Event "Espoo We MatSK"]
[Site "Espoo"]
[Date "2014.02.23"]
[Round "5"]
[White "Paajala, Niki"]
[Black "Porrasmaa, Timo"]
[Result "0-1"]
[WhiteElo "1969"]
[BlackElo "2078"]
[PlyCount "74"]
[EventDate "2014.02.21"]
[EventType "swiss"]
[EventRounds "5"]
[EventCountry "FIN"]
[SourceTitle "EXT 2022"]
[Source "ChessBase"]
[SourceDate "2021.10.06"]
[SourceVersion "1"]
[SourceVersionDate "2021.10.06"]
[SourceQuality "1"]

1. d4 g6 2. e4 Bg7 3. c4 c5 4. d5 e5 5. Nc3 d6 6. Bd3 Nd7 7. Be3 Ndf6 8. h3 h5 9. Bg5 Bh6 10. Bxh6 Nxh6 11. Qd2 Kf8 12. Nge2 Kg7 13. f4 exf4 14. Qxf4 Qe7 15. Nb5 Rd8 16. 0-0 a6 17. Nbc3 Nd7 18. b3 Ne5 19. Rad1 Bd7 20. Ng3 Rg8 21. Be2 h4 22. Nh1 Raf8 23. g4 hxg3 24. Qxg3 f5 25. h4 Nhg4 26. Bxg4 fxg4 27. Rxf8 Rxf8 28. Rf1 Nf3+ 29. Kg2 Nxh4+ 30. Kg1 Nf3+ 31. Kg2 Rh8 32. Rxf3 gxf3+ 33. Qxf3 Qh4 34. Nf2 Qh2+ 35. Kf1 Rf8 36. Qe3 Bg4 37. Ne2 Rf3 0-1

[Event "Espoo We MatSK"]
[Site "Espoo"]
[Date "2014.02.21"]
[Round "1"]
[White "Mertanen, Janne"]
[Black "Paajala, Niki"]
[Result "1-0"]
[WhiteElo "2334"]
[BlackElo "1969"]
[PlyCount "91"]
[EventDate "2014.02.21"]
[EventType "swiss"]
[EventRounds "5"]
[EventCountry "FIN"]
[SourceTitle "EXT 2022"]
[Source "ChessBase"]
[SourceDate "2021.10.06"]
[SourceVersion "1"]
[SourceVersionDate "2021.10.06"]
[SourceQuality "1"]

1. d4 d5 2. c4 e6 3. Nc3 Nf6 4. cxd5 exd5 5. Bg5 c6 6. e3 Be7 7. Qc2 Nbd7 8. Bd3 h6 9. Bh4 Nh5 10. Bxe7 Qxe7 11. Nge2 Qg5 12. Rb1 Nf8 13. 0-0 Bh3 14. Ng3 Nxg3 15. hxg3 Bd7 16. e4 Ne6 17. exd5 cxd5 18. Rfe1 0-0 19. Re5 Nxd4 20. Rxg5 Nxc2 21. Rxd5 Bc6 22. Bxc2 Bxd5 23. Nxd5 Rfd8 24. Ne3 Rac8 25. g4 Kf8 26. Kf1 Rc5 27. Ke2 Rd4 28. Rd1 Rxd1 29. Kxd1 b6 30. Kd2 Ke7 31. b4 Rc8 32. Bb3 g6 33. Nd5+ Kd6 34. Nc3 Ke7 35. Kd3 Rd8+ 36. Ke3 Rc8 37. Kd4 Rd8+ 38. Bd5 Rd7 39. a4 a6 40. Ne4 f5 41. gxf5 gxf5 42. Nd2 Kd6 43. Nc4+ Kc7 44. Ne3 Rg7 45. Nxf5 Rg4+ 46. Be4 1-0

[Event "Rhein Main op-A 16th"]
[Site "Bad Homburg"]
[Date "2013.05.30"]
[Round "3"]
[White "Paajala, Niki"]
[Black "Pfadenhauer, Johannes"]
[Result "0-1"]
[WhiteElo "1969"]
[BlackElo "1958"]
[PlyCount "70"]
[EventDate "2013.05.29"]
[EventType "swiss"]
[EventRounds "7"]
[EventCountry "GER"]
[SourceTitle "EXT 2014"]
[Source "ChessBase"]
[SourceDate "2013.11.20"]
[SourceVersion "1"]
[SourceVersionDate "2013.11.20"]
[SourceQuality "1"]

1. e4 c5 2. Nc3 Nc6 3. d3 g6 4. g3 Bg7 5. Bg2 d6 6. Be3 Rb8 7. Nf3 Nd4 8. Qc1 Bg4 9. Nd2 b5 10. h3 Bd7 11. Nd1 b4 12. Nb3 a5 13. f4 a4 14. Nxd4 cxd4 15. Bd2 e6 16. 0-0 Ne7 17. Nf2 0-0 18. Qe1 Qb6 19. g4 f5 20. exf5 gxf5 21. g5 Rbc8 22. Bxb4 Rxc2 23. Ba3 Ng6 24. Nh1 Rxg2+ 25. Kxg2 Qc6+ 26. Kh2 Qd5 27. Rc1 e5 28. Qb4 Nxf4 29. Rxf4 exf4 30. Qxd6 Qf3 31. Rg1 Re8 32. Nf2 Re2 33. Rg2 Rxf2 34. Qb8+ Kf7 35. g6+ hxg6 0-1